000 00507nam a2200205 4500
999 _c70886
_d70886
001 10006
003 OSt
005 20210701134119.0
007 tu
008 s1830||||||| ger
040 _cSTAFF
100 1 _aZschokke, Heinrich
245 0 0 _aHeinrich Zschokke's ausgewählte Historische Schriften
_cHeinrich Zschokke
250 _a2. verb. Aufl.
264 _aAarau
_bSauerländer
_c1830
365 _cDEM
500 _aBd. 1-4, 6, 7, 11-16.
546 _adeutsch
942 _2z
_cB